| 000 | 00000nam##2200000za#4500 |
| 001 | 9.659212 |
| 003 | CaOODSP |
| 005 | 20200330135816 |
| 007 | ta |
| 008 | 150407|1997||||xxc||||| f|0| 0 fre|d |
| 020 | |a0-662-62916-7 |
| 040 | |aCaOODSP|bfre |
| 041 | |aeng |
| 041 | |afre |
| 043 | |an-cn--- |
| 086 | 1 |aM39-68/1997 |
| 110 | 1 |aCanada. |bRessources naturelles Canada. |
| 245 | 10|aRéponse du gouvernement fédéral au rapport final du Comité permanent des ressources naturelles intitulé: Rationalisation de la réglementation environnementale dans le secteur minier : |bdéposée à la Chambre des communes par l'honorable A. Anne McLellan, ministre des Ressources naturelles |
| 260 | |aOttawa - Ontario : |bRessources naturelles Canada |c1997. |
| 300 | |aTexte français, 36p. ; |c28 cm. |
| 546 | |aBilingue |
| 563 | |aCouverture souple |
| 590 | |a97-11|b1997-03-14 |
| 691 | 07|aIndustrie minière|2gcpds |
| 776 | 0#|tRéponse du gouvernement fédéral au rapport final du Comité permanent des ressources naturelles intitulé : |w(CaOODSP)9.642074 |
| 776 | 0#|tThe federal government's response to the final report of the Standing Committee on Natural Resources : |w(CaOODSP)9.698077 |
| 791 | |tThe federal government's response to the final report of the Standing Committee on Natural Resources: Streamlining environmental regulation for mining : |eeng|w(CaOODSP)9.659211 |